00748 2200241 4500001002100000005001700021008004100038020002200079035002500101040001200126082001400138084001600152100003600168245013200204250001100336260003000347300002300377650003700400700001500437700002400452850001200476990001800488INLIS00000000001252420150911145605.0  a978-602-191-214-0 a0010-091500000001037 aYOPDYOG 223a371.2 a371.2 Bus M aBUSH, Tony dan Marianne Coleman aManajemen mutu kepemimpinan pendidikanc/ Tony Bush & Marianne Coleman; Penerjemah, Fahrurrozi; Penyunting, Muhammad Yusuf Anas aCet. 1 aJogjakartabIRCiSoDc2012 a241 hlm.c; 20 cm. aManajemen dan Organisasi Sekolah aFAHRURROZI aMUHAMMAD Yusuf Anas aYOPDYOG a50662-PD/A.15